Top 10 : pays ayant le plus grand QI (Quotient Intellectuel) - Statistiques

Statistiques générales
  • Ce quiz a été pris 759 fois
  • Le résultat moyen est 5 sur 10
Statistiques - réponses
QI Pays % Correct
104 Chine
95%
106 Japon
93%
103 Corée du Sud
78%
100 Canada
65%
100 Corée du Nord
48%
101 Finlande
48%
106 Singapour
37%
106 Taïwan
35%
101 Pays-Bas
28%
106 Hong Kong
11%
Aucun quiz correspondant
Distribution des résultats
% des personnes avec chaque résultat
Percentile par nombre de réponses
Votre historique - résultats
Vous n’avez pas pris ce quiz